Clic Les catégories de plantes alimentaires (1) - Statistiques

Statistiques générales
  • Ce quiz a été pris 34 fois
  • Le résultat moyen est 13 sur 30
Statistiques - réponses
Hint Réponse % Correct
Abricot Fruit comestible
82%
Orange Agrume
68%
Théier Plante à infusion
64%
Artichaut Plante potagère
64%
Noix Fruit sec
61%
Verveine Plante à infusion
61%
Combava Agrume
57%
Pomelo Agrume
57%
Safran Plante à épices
57%
Camomille Plante à infusion
57%
Kiwi Fruit comestible
54%
Goyave Fruit comestible
50%
Tournesol Plante oléagineuse
50%
Epeautre Céréale
46%
Amande Fruit sec
46%
Arachide Plante oléagineuse
46%
Cerfeuil Plante condimentaire
43%
Myrtille Fruit rouge
39%
Haricot Légumineuse
39%
Manioc Féculent (hors légumineuse)
36%
Badiane Plante à épices
36%
Caféier Plante à infusion
36%
Potiron Plante potagère
36%
Avocat Fruit comestible
32%
Sorgho Céréale
18%
Quinoa Pseudo-céréales
14%
Sésame Pseudo-céréales
11%
Amandier Plante à boissons non alcoolisées
7%
Grenadier Plante à boissons non alcoolisées
7%
Orge Plante à boissons alcoolisées
4%
Aucun quiz correspondant
Distribution des résultats
% des personnes avec chaque résultat
Percentile par nombre de réponses
Votre historique - résultats
Vous n’avez pas pris ce quiz